000 00228nam a22001097a 4500
100 _aSheshadari,shekher
245 _aParenting the art & science
250 _a2016
260 _bBeyond books
300 _a190
942 _2ddc
_cBK
999 _c13271
_d13271